000
00325 a2200109 4500
001
ART_9428
005
20260410161835.0
008
260409a
245
1
0
_a
Actualidad financiera y cambiaria
100
1
_a
Sun, Ramón F.
773
0
_t
Contabilidad y administración
_g
- Año 4, Nº 44 (feb. 1981)
_w
REV5485
999
_c
23626
_d
23626